书目信息 |
| 题名: |
一寸光阴一寸金
|
|
| 作者: | 韩可胜 , 顾霁昀 主编 | |
| 分册: | ||
| 出版信息: | 上海 上海人民出版社 2019.07 |
|
| 页数: | 1册 | |
| 开本: | 19cm | |
| 丛书名: | ||
| 单 册: | ||
| 中图分类: | P195.2 , I207.2 | |
| 科图分类: | ||
| 主题词: | 历书--li shu--中国--2020 , 诗词--shi ci--诗歌欣赏--中国 | |
| 电子资源: | ||
| ISBN: | 978-7-208-15934-1 | |
| 000 | 00915nam0 2200277 450 | |
| 001 | 0109110254 | |
| 005 | 20201109110341.0 | |
| 010 | @a978-7-208-15934-1@b精装@dCNY88.00 | |
| 100 | @a20200115d2019 em y0chiy50 ea | |
| 101 | 0 | @achi |
| 102 | @aCN@b310000 | |
| 105 | @aa z 000yy | |
| 106 | @ar | |
| 200 | 1 | @a一寸光阴一寸金@Ayi cun guang yin yi cun jin@e诗词日历2020@f韩可胜, 顾霁昀主编 |
| 210 | @a上海@c上海人民出版社@d2019.07 | |
| 215 | @a1册@c图@d19cm | |
| 330 | @a本书按照全年的节气和时序,从浩如烟海的中华诗词中,选取了365首可读性、艺术性、思想性俱佳的诗词,一日一首。 | |
| 517 | 1 | @a诗词日历2020@Ashi ci ri li 2020 |
| 606 | 0 | @a历书@Ali shu@y中国@z2020 |
| 606 | 0 | @a诗词@Ashi ci@x诗歌欣赏@y中国 |
| 690 | @aP195.2@v5 | |
| 690 | @aI207.2@v5 | |
| 701 | 0 | @a韩可胜@Ahan ke sheng@4主编 |
| 701 | 0 | @a顾霁昀@Agu ji yun@4主编 |
| 801 | 0 | @aCN@bBJSZM@c20201103 |
| 905 | @b1242335-8@dP195.2@e337@f4 | |
| 一寸光阴一寸金:诗词日历2020/韩可胜, 顾霁昀主编.-上海:上海人民出版社,2019.07 |
| 1册:图;19cm |
| ISBN 978-7-208-15934-1(精装):CNY88.00 |
| 本书按照全年的节气和时序,从浩如烟海的中华诗词中,选取了365首可读性、艺术性、思想性俱佳的诗词,一日一首。 |
| ● |
| 相关链接 |
|
|
|
|
正题名:一寸光阴一寸金
索取号:P195.2/337
 
预约/预借
| 序号 | 登录号 | 条形码 | 馆藏地/架位号 | 状态 | 备注 |
| 1 | 1242335 | 212423359 | 第二样本阅览室/ [索取号:P195.2/337] | 在馆 | |
| 2 | 1242336 | 212423368 | 第三借阅区/ [索取号:P195.2/337] | 在馆 | |
| 3 | 1242337 | 212423377 | 第三借阅区/ [索取号:P195.2/337] | 在馆 | |
| 4 | 1242338 | 212423386 | 第三借阅区/ [索取号:P195.2/337] | 在馆 |